| 000 | 004870000a22001930004500 | ||
|---|---|---|---|
| 001 | 004191 | ||
| 003 | MACL | ||
| 005 | 20150823110844.0 | ||
| 008 | 150823b xxu||||| |||| 00| 0 eng d | ||
| 040 |
_aMACL _cMACL |
||
| 041 | _aEnglish | ||
| 082 | _a630/SAM | ||
| 100 |
_aSamaddar, H.N. _96877 |
||
| 245 |
_aCommercial Production Of Horticultural Crops _cH.N. Samaddar |
||
| 260 |
_aKolkata _c2001 _bNaya Udyog, |
||
| 350 | _a350 | ||
| 650 |
_aAgriculture _96878 |
||
| 942 |
_k630 _cBK _2ddc |
||
| 999 |
_c16082 _d16082 |
||